00800cam a2200205 a 450000100100000000500170001000800410002704000250006808200190009310000500011224500630016226000310022530000210025649000190027749000500029665000540034683000570040095201220045799900150057900000465620200929151458.0840121s1971 sp 001 0 spa  aDO-SdBNPbspacBNPHU aAr860.4bG931n1 aGuereña, Jacinto Luis,d1915-[2009].91358710aNarrativa francesa :b1850-1970 /cJacinto Luis Guereña. aMadrid :bE.P.S.A.,c1971. a224 p. ;c17 cm.1 aPanoramasv3-p1 aGrandes Escritores Comteporáneas ;vno. 47. 4aLiteratura argentinaxHistoria y crítica913588 0aGrandes Escritores Comteporáneas ;vno. 47.913589 001052708MOaGRbGRcCTd2009-07-24iLF1l0oAr860.4 G931np4656-10r2020-06-25w2020-06-25y2ZPréstamo interno c4462d4462